<?xml version="1.0" encoding="UTF-8"?><?xml-stylesheet type="text/xsl" href="static/style.xsl"?><OAI-PMH xmlns="http://www.openarchives.org/OAI/2.0/" xmlns:xsi="http://www.w3.org/2001/XMLSchema-instance" xsi:schemaLocation="http://www.openarchives.org/OAI/2.0/ http://www.openarchives.org/OAI/2.0/OAI-PMH.xsd"><responseDate>2026-06-29T03:12:46Z</responseDate><request verb="GetRecord" identifier="oai:docta.ucm.es:20.500.14352/114570" metadataPrefix="marc">https://docta.ucm.es/rest/oai/request</request><GetRecord><record><header><identifier>oai:docta.ucm.es:20.500.14352/114570</identifier><datestamp>2025-03-18T15:40:29Z</datestamp><setSpec>com_20.500.14352_14</setSpec><setSpec>col_20.500.14352_15</setSpec></header><metadata><record xmlns="http://www.loc.gov/MARC21/slim" xmlns:dcterms="http://purl.org/dc/terms/" xmlns:xsi="http://www.w3.org/2001/XMLSchema-instance" xmlns:doc="http://www.lyncode.com/xoai" xsi:schemaLocation="http://www.loc.gov/MARC21/slim http://www.loc.gov/standards/marcxml/schema/MARC21slim.xsd">
   <leader>00925njm 22002777a 4500</leader>
   <datafield ind2=" " ind1=" " tag="042">
      <subfield code="a">dc</subfield>
   </datafield>
   <datafield ind2=" " ind1=" " tag="720">
      <subfield code="a">Zlobina Kuzmina, Anna</subfield>
      <subfield code="e">author</subfield>
   </datafield>
   <datafield ind2=" " ind1=" " tag="720">
      <subfield code="a">Andujar, Rodrigo</subfield>
      <subfield code="e">author</subfield>
   </datafield>
   <datafield ind2=" " ind1=" " tag="260">
      <subfield code="c">2021</subfield>
   </datafield>
   <datafield ind2=" " ind1=" " tag="520">
      <subfield code="a">Police forces, being representative of the state, have the monopoly on violence in society, but also need to legitimize their use of force. So, what are the psychosocial underpinnings of police use of force and its legitimation, particularly, when this violence is directed against citizens who exercise their democratic right to protest? We explored this issue by studying legitimation of violence and feelings of hostility together with the processes of dehumanization, meta-dehumanization, and self-dehumanization among members of riot police squads who operated during the deterrence of the pro-independence referendum in Catalonia, Spain. We found that police officers dehumanized protesting citizens to a considerable extent. Animalistic dehumanization was especially relevant since it was associated with legitimation of violence, the hostility felt toward the protesters, and also with the degree of self-dehumanization of policemen as unfeeling machines. We also evidenced that, reflecting the interactive nature of the situation, animalistic dehumanization was associated with meta-dehumanization. We link our results to previous research on the legitimation of violence, and also on the facets of dehumanization. The discussion highlights the inextricable link between the perpetrators’ own and the others’ humanity, dehumanizing and self-dehumanizing effects of violence, and also broader socio-political implications of our findings.</subfield>
   </datafield>
   <datafield ind1="8" ind2=" " tag="024">
      <subfield code="a">Zlobina, A., &amp; Andujar, R. (2021). Police violence during citizens’ protests: Dehumanization processes, legitimation of violence, and hostility. Peace and Conflict: Journal of Peace Psychology, 27(4), 534–541. https://doi.org/10.1037/pac0000550</subfield>
   </datafield>
   <datafield ind1="8" ind2=" " tag="024">
      <subfield code="a">1078-1919</subfield>
   </datafield>
   <datafield ind1="8" ind2=" " tag="024">
      <subfield code="a">10.1037/pac0000550</subfield>
   </datafield>
   <datafield ind1="8" ind2=" " tag="024">
      <subfield code="a">https://hdl.handle.net/20.500.14352/114570</subfield>
   </datafield>
   <datafield ind1="8" ind2=" " tag="024">
      <subfield code="a">1532-7949</subfield>
   </datafield>
   <datafield ind1="8" ind2=" " tag="024">
      <subfield code="a">https://doi.org/10.1037/pac0000550</subfield>
   </datafield>
   <datafield ind1="8" ind2=" " tag="024">
      <subfield code="a">https://psycnet.apa.org/record/2021-32198-001</subfield>
   </datafield>
   <datafield ind2="0" ind1="0" tag="245">
      <subfield code="a">Police violence during citizens’ protests: dehumanization processes, legitimation of violence, and hostility</subfield>
   </datafield>
</record></metadata></record></GetRecord></OAI-PMH>